000 00604nam a2200193 i 4500
001 85652
003 ES-MaACL
005 20230906175259.0
007 t|
008 041130s1969 sp ||||1| spa d
100 1 _aJullian, Marcel.
_967256
245 1 3 _aLa batalla de Inglaterra
_b: julio-septiembre 1940 /
_cMarcel Jullian ; [traducción de Domingo Pruna].
250 _a[1ª ed.].
260 _a[Barcelona] :
_bPlaza & Janés,
_c[1969]
300 _a343 p. ;
_c23 cm.
650 0 4 _aInglaterra, Batalla de 1940.
_913782
700 1 _aPruna, Domingo.
_994081
852 _aES-MaACL
_jC-44744
_bR.71273
999 _c85652
_d85652